000 00486nam a2200181Ia 4500
005 20250508163448.0
008 008 250505s9999 xx 000 0 eng d
037 _aTextual
040 _aFEDL
_beng
_cFEDL
041 _aeng
_2eng
084 _aB, WOD
_qFEDL
100 _aWodehouse P G
245 0 _aPerforming flea: A self-portrait in letters
260 _aLondon, UK
_bHerbert Jenkins
_c1953
300 _a224p.
942 _cTEXL
_hB, WOD
999 _c1383447
_d1383447